000 01380naa a22003017a 4500
001 BR8805932
003 BR-BrBNA
005 20240918181741.0
007 ta
008 230509b bl.||||| |||| 00| 0 por d
040 _aBR-BrBNA
_bpor
_cBiblioteca Nacional de Agricultura
041 _a(Pt)
072 _aF04
_b1930
090 _aF04 BR8805932
100 1 _aSeiffert, N.F.
245 1 _aAdubacao de Brachiaria decumbens cultivada em latosolo roxo alico, textura argilosa, fase cerrado
260 3 _aCampo Grande, MS (Brasil):
_c1979.
500 _aPimentel, D.M.; Souza, F.H.D. de; Soares, M.R.J.; Melo, H.J.H. de Coletanea dos seminarios tecnicos apresentados no Centro Nacional de Pesquisa de Gado de Corte durante o ano de 1978 Campo Grande, MS (Brasil): 1979. p. 1-12 (BR8805932-AM)F04
650 _aCapim Brachiaria
650 _aAdubacao
650 _aFertilizante Potassico
650 _aFertilizante Fosfatado
650 _aRendimento
650 _aCerrado
773 0 _tColetanea dos seminarios tecnicos apresentados no Centro Nacional de Pesquisa de Gado de Corte durante o ano de 1978
_aPimentel, D.M.; Souza, F.H.D. de; Soares, M.R.J.; Melo, H.J.H. de. Centro Nacional de Pesquisa de Gado de Corte, Campo Grande, MS (Brasil)
_wF04 BR8805932
_gCampo Grande, MS (Brasil), 1979. p. 1-12
909 _a202404
_bLucia
_c55
_dLucia Elande
942 _cAM
_2AGRIS
999 _c326661
_d326661